00752nam a22002292 4500001001100000005001700011008004100028020001700069040001500086245010400101250001300205260004400218300001600262650004100278650003300319650003600352650003800388700003000426700002900456700003400485852000300519000002401320151217152254.0130426s xx 000 0 eng d a0443049718 : aKABUcKABU10aPsychology and sociology applied to medicine /cedited by Mike Porter, Beth Alder, Charles Abraham. a1st ed. aLondon :bChurchill Livingstone,c1999. axi, 164 p. 0aMedicine and psychology.@0000182056 0aSocial medicine.@0000163241 0aSociology, medical.@0000179765 0aPsychology, Clinical.@00001838931 aPorter, Mike.@00001838941 aAlder, Beth.@00001838951 aAbraham, Charles.@00001838961